<?xml version="1.0" encoding="UTF-8"?>
<marc:record xmlns:marc="http://www.loc.gov/MARC21/slim">
   <marc:leader>00000nam a2200000 a 4500</marc:leader>
   <marc:datafield ind1="1" ind2=" " tag="100">
      <marc:subfield code="a">Christou, Bethany</marc:subfield>
      <marc:subfield code="4">aut</marc:subfield>
      <marc:subfield code="e">Verfasser/-in</marc:subfield>
   </marc:datafield>
   <marc:datafield ind1=" " ind2=" " tag="653">
      <marc:subfield code="a">Angst</marc:subfield>
   </marc:datafield>
   <marc:datafield ind1=" " ind2=" " tag="653">
      <marc:subfield code="a">Selbstvertrauen</marc:subfield>
   </marc:datafield>
   <marc:datafield ind1=" " ind2=" " tag="653">
      <marc:subfield code="a">Krokodil</marc:subfield>
   </marc:datafield>
   <marc:datafield ind1=" " ind2=" " tag="653">
      <marc:subfield code="a">Schwimmen</marc:subfield>
   </marc:datafield>
   <marc:datafield ind1=" " ind2=" " tag="653">
      <marc:subfield code="a">Wettkampf</marc:subfield>
   </marc:datafield>
   <marc:datafield ind1="0" ind2="0" tag="245">
      <marc:subfield code="a">Ein Sieg für Kasimir</marc:subfield>
   </marc:datafield>
   <marc:datafield ind1=" " ind2="1" tag="264">
      <marc:subfield code="a">Gießen</marc:subfield>
      <marc:subfield code="b">Brunnen</marc:subfield>
      <marc:subfield code="c">2020</marc:subfield>
   </marc:datafield>
   <marc:datafield ind1="1" ind2=" " tag="520">
      <marc:subfield code="a">Angaben aus der Verlagsmeldung&lt;br/&gt;&lt;br/&gt;Ein Sieg für Kasimir / von Bethany Christou&lt;br/&gt;&lt;br/&gt;Kasimir, das Krokodil, fühlt sich im Wasser rundum wohl. Am liebsten lässt er sich treiben und denkt nach. Aber Schwimmwettkämpfe findet er schrecklich. Sobald er den Startpfiff hört, klopft ihm das Herz bis zum Hals, er fängt an zu zittern und seine Zähne klappern erbärmlich. Natürlich darf das niemand mitbekommen. Schließlich haben bisher alle in seiner Familie sportliche Höchstleistungen vollbracht - von der Oma bis zur kleinen Schwester. Klar, dass auch Kasimir auf dem Siegertreppchen stehen soll.&lt;br/&gt;Doch dann kommt alles ganz anders: Ein kleiner Frosch bringt das traurige Krokodil auf eine großartige Idee</marc:subfield>
   </marc:datafield>
   <marc:datafield ind1=" " ind2=" " tag="020">
      <marc:subfield code="a">9783765569944</marc:subfield>
      <marc:subfield code="9">9783765569944</marc:subfield>
   </marc:datafield>
   <marc:datafield ind1=" " ind2=" " tag="041">
      <marc:subfield code="a">ger</marc:subfield>
   </marc:datafield>
   <marc:datafield ind1=" " ind2=" " tag="300">
      <marc:subfield code="a">40 Seiten</marc:subfield>
   </marc:datafield>
</marc:record>
